00745nam a22002297a 4500999001500000001000600015003000900021005001700030008004100047040003800088082001600126100002400142245007800166250001200244260003700256300003100293500002000324650002400344700002100368942001200389952011400401 c7695d769512836BD-DhUAP20210128152134.0210128s1970 bg ||||| |||| 00| 0 eng d aBD-DhUAPbEngcBD-DhUAPdBD-DhUAP 223a546 AHM aAhmed, Mofizud-din. aA text book of organic chemistry /cMofizud-din Ahmed and A. Jabbar Mian. a3rd ed. aDacca :bMrs Sufia Ahmed,c1970. axiii, 508 pages ;c22 cm.  aIncludes index. aChemistry, Organic. aMian, A. Jabbar. 2ddccBK 00102ddc4070aUAPCLbUAPCLcReserve Stacksd2021-01-28o546 AHMp3010012836r2021-01-28t1w2021-01-28yBK